[Event "Titled Tuesday intern op 11th Feb Early"]
[Site "Chess.com INT"]
[Date "2025.02.11"]
[Round "2"]
[White "Mukhutdinov, Tigran"]
[Black "Sarana, Alexey"]
[Result "0-1"]
[WhiteElo "2272"]
[BlackElo "2672"]
[PlyCount "108"]
[EventDate "2025.02.11"]
[EventType "swiss (blitz)"]
[EventRounds "11"]
[EventCountry "USA"]
[SourceTitle "CB08_2025"]
[SourceDate "2025.02.19"]
[SourceVersion "1"]
[SourceVersionDate "2025.02.19"]
[SourceQuality "1"]

1. e4 c5 2. Nf3 d6 3. c3 Nf6 4. h3 Bd7 5. e5 dxe5 6. Nxe5 Nc6 7. Nxd7 Qxd7 8. d3 g6 9. Be2 Bg7 10. 0-0 0-0 11. Nd2 Rad8 12. Nf3 Rfe8 13. Qc2 b6 14. Bd2 Qd5 15. a4 e6 16. Rfe1 h6 17. Bf1 Qd6 18. Rad1 Nd5 19. Bc1 Kh7 20. Nd2 Qc7 21. Nc4 a6 22. g3 b5 23. axb5 axb5 24. Ne3 Nde7 25. Bg2 b4 26. Nc4 Nd5 27. Bd2 Rd7 28. Ne3 Red8 29. Nxd5 exd5 30. Bf4 Qb6 31. h4 Kg8 32. Qc1 h5 33. Bg5 Ra8 34. Bh3 Rda7 35. Bg2 bxc3 36. bxc3 Qb3 37. c4 Ra1 38. Qd2 R8a2 39. Rxa1 Rxd2 40. Ra8+ Kh7 41. Bxd2 Qxd3 42. Bf4 Qxc4 43. Rc8 Nd4 44. Ree8 Ne2+ 45. Kh1 Nxf4 46. gxf4 Qxf4 47. Rxc5 Qxh4+ 48. Kg1 Bd4 49. Rc2 Qg5 50. Kf1 h4 51. Rf8 Kg7 52. Ra8 Qf5 53. Raa2 h3 54. Bh1 Bxf2 0-1

[Event "Titled Tuesday intern op 11th Feb Early"]
[Site "Chess.com INT"]
[Date "2025.02.11"]
[Round "9"]
[White "Zhauynbay, Aldiyar"]
[Black "Mukhutdinov, Tigran"]
[Result "1-0"]
[WhiteElo "2109"]
[BlackElo "2272"]
[PlyCount "69"]
[EventDate "2025.02.11"]
[EventType "swiss (blitz)"]
[EventRounds "11"]
[EventCountry "USA"]
[SourceTitle "CB09_2025"]
[SourceDate "2025.02.27"]
[SourceVersion "1"]
[SourceVersionDate "2025.02.27"]
[SourceQuality "1"]

1. e4 c5 2. Nf3 a6 3. c4 e6 4. Nc3 d6 5. d4 cxd4 6. Nxd4 Nf6 7. Be2 Be7 8. 0-0 0-0 9. Be3 Qc7 10. f4 b6 11. Bf3 Bb7 12. Qe2 Nbd7 13. Rac1 Rac8 14. b3 Rfe8 15. Rfd1 Qb8 16. g4 Qa8 17. Qg2 Nc5 18. e5 Bxf3 19. Nxf3 dxe5 20. Nxe5 Qxg2+ 21. Kxg2 h6 22. Kf3 Red8 23. h4 Nfd7 24. Nxd7 Rxd7 25. Rxd7 Nxd7 26. g5 hxg5 27. hxg5 Bc5 28. Rd1 Rc7 29. Ne4 Be7 30. Rd2 Bb4 31. Rd1 Kf8 32. Rh1 Kg8 33. Rd1 f5 34. gxf6 gxf6 35. Rxd7 1-0

[Event "Titled Tuesday intern op 28th Jan Early"]
[Site "Chess.com INT"]
[Date "2025.01.28"]
[Round "1"]
[White "Daskevics, Vadims"]
[Black "Mukhutdinov, Tigran"]
[Result "1-0"]
[WhiteElo "2445"]
[BlackElo "2272"]
[PlyCount "67"]
[EventDate "2025.01.28"]
[EventType "swiss (blitz)"]
[EventRounds "11"]
[EventCountry "USA"]
[SourceTitle "CB06_2025"]
[SourceDate "2025.02.05"]
[SourceVersion "1"]
[SourceVersionDate "2025.02.05"]
[SourceQuality "1"]

1. e4 c5 2. Nf3 a6 3. b3 d6 4. Bb2 e5 5. Be2 Nc6 6. 0-0 Nf6 7. Nc3 Be7 8. h3 0-0 9. Nh2 Nd4 10. f4 b5 11. d3 Bb7 12. fxe5 dxe5 13. Ng4 Nxe2+ 14. Qxe2 Nxg4 15. Qxg4 Qd6 16. Nd1 c4 17. Ne3 Bc8 18. Qg3 f6 19. bxc4 bxc4 20. Nxc4 Qc5+ 21. Kh1 Be6 22. Ba3 Qc7 23. Bxe7 Qxe7 24. Ne3 Rac8 25. c4 Rfd8 26. Nd5 Bxd5 27. exd5 e4 28. Rae1 Qa3 29. Rxe4 Qxa2 30. Re7 g6 31. Qe3 Rd6 32. c5 Rxd5 33. Qe6+ Kh8 34. Qxf6+ 1-0

[Event "Titled Tuesday intern op 28th Jan Early"]
[Site "Chess.com INT"]
[Date "2025.01.28"]
[Round "7"]
[White "Iniyan, Panneerseluam"]
[Black "Mukhutdinov, Tigran"]
[Result "1-0"]
[WhiteElo "2508"]
[BlackElo "2272"]
[PlyCount "55"]
[EventDate "2025.01.28"]
[EventType "swiss (blitz)"]
[EventRounds "11"]
[EventCountry "USA"]
[SourceTitle "CB06_2025"]
[SourceDate "2025.02.05"]
[SourceVersion "1"]
[SourceVersionDate "2025.02.05"]
[SourceQuality "1"]

1. d4 Nf6 2. Bf4 c5 3. e3 Nd5 4. Bg3 Qb6 5. Qc1 cxd4 6. exd4 Qxd4 7. c4 Nf6 8. Nf3 Qe4+ 9. Be2 e6 10. Nc3 Bb4 11. Nd2 Bxc3 12. Qxc3 Qc6 13. Qa3 Na6 14. Bd6 Ne4 15. Nxe4 Qxe4 16. f3 Qh4+ 17. g3 Qd8 18. f4 f5 19. 0-0-0 Kf7 20. Bf3 Qb6 21. g4 fxg4 22. Bxg4 h5 23. Bf3 g6 24. Rhg1 Rg8 25. Bxh5 gxh5 26. Rxg8 Kxg8 27. Qg3+ Kf7 28. Rg1 1-0

[Event "Titled Tuesday intern op 28th Jan Early"]
[Site "Chess.com INT"]
[Date "2025.01.28"]
[Round "2"]
[White "Mukhutdinov, Tigran"]
[Black "Chaitanya, Sairam Mogili"]
[Result "1-0"]
[WhiteElo "2272"]
[BlackElo "2212"]
[PlyCount "115"]
[EventDate "2025.01.28"]
[EventType "swiss (blitz)"]
[EventRounds "11"]
[EventCountry "USA"]
[SourceTitle "CB06_2025"]
[SourceDate "2025.02.05"]
[SourceVersion "1"]
[SourceVersionDate "2025.02.05"]
[SourceQuality "1"]

1. e4 e6 2. d4 d5 3. Bd3 dxe4 4. Bxe4 Nf6 5. Bf3 c5 6. Ne2 Be7 7. Be3 cxd4 8. Qxd4 Nc6 9. Qxd8+ Bxd8 10. Nbc3 Ne5 11. Nd4 Nxf3+ 12. Nxf3 a6 13. 0-0-0 Ba5 14. Bc5 Bd7 15. b4 Bc7 16. a4 Rc8 17. Kb2 Bc6 18. Rhe1 Bxf3 19. gxf3 Bxh2 20. a5 Nd7 21. Bd4 Nf6 22. Rh1 Bf4 23. Rdg1 Kf8 24. Rh4 e5 25. Bc5+ Kg8 26. Ne2 Nd7 27. Nxf4 exf4 28. Bd4 f6 29. Rxf4 Kf7 30. c3 h5 31. Rh4 g5 32. Rhh1 h4 33. f4 Rhg8 34. fxg5 fxg5 35. f4 gxf4 36. Rxg8 Rxg8 37. Rxh4 Rg2+ 38. Kb3 Ke6 39. Rxf4 Kd5 40. Rf7 Kc6 41. Kc4 Rg4 42. Rh7 Ne5+ 43. Kb3 Nf3 44. Bb6 Nd2+ 45. Ka4 Nc4 46. Rc7+ Kd6 47. Rxb7 Rg2 48. Kb3 Nd2+ 49. Kc2 Nc4+ 50. Kd3 Nb2+ 51. Kd4 Rg4+ 52. Ke3 Nc4+ 53. Kd3 Ne5+ 54. Kc2 Rg2+ 55. Kb3 Nc6 56. Bc5+ Ke6 57. Rb6 Kd7 58. Rxa6 1-0

[Event "Titled Tuesday intern op 28th Jan Early"]
[Site "Chess.com INT"]
[Date "2025.01.28"]
[Round "10"]
[White "Slade, Theodore Luke"]
[Black "Mukhutdinov, Tigran"]
[Result "1/2-1/2"]
[WhiteElo "2070"]
[BlackElo "2272"]
[PlyCount "61"]
[EventDate "2025.01.28"]
[EventType "swiss (blitz)"]
[EventRounds "11"]
[EventCountry "USA"]
[SourceTitle "CB06_2025"]
[SourceDate "2025.02.05"]
[SourceVersion "1"]
[SourceVersionDate "2025.02.05"]
[SourceQuality "1"]

1. Nf3 d5 2. e3 c6 3. c4 Nf6 4. Nc3 e6 5. b3 g6 6. Bb2 Bg7 7. d4 0-0 8. Bd3 Nbd7 9. 0-0 b6 10. e4 dxe4 11. Nxe4 Nxe4 12. Bxe4 Bb7 13. Qe2 Qc7 14. Rad1 Rad8 15. Rfe1 c5 16. Bxb7 Qxb7 17. d5 exd5 18. Bxg7 Kxg7 19. Rxd5 Nf6 20. Rxd8 Rxd8 21. Rd1 Rxd1+ 22. Qxd1 Qe4 23. Qa1 h6 24. h4 Qe6 25. Qe5 Qxe5 26. Nxe5 Ne4 27. Kf1 Kf6 28. Ng4+ Kg7 29. Ne5 Kf6 30. Ng4+ Kg7 31. Ne5 1/2-1/2

[Event "Titled Tuesday intern op 27th Aug Late"]
[Site "Chess.com INT"]
[Date "2024.08.27"]
[Round "3"]
[White "Mukhutdinov, Tigran"]
[Black "Martinez Alcantara, Jose Eduardo"]
[Result "0-1"]
[WhiteElo "2252"]
[BlackElo "2612"]
[PlyCount "68"]
[EventDate "2024.08.27"]
[EventType "swiss (blitz)"]
[EventRounds "11"]
[EventCountry "USA"]
[SourceTitle "EXT 2025"]
[Source "ChessBase"]
[SourceDate "2024.10.14"]
[SourceVersion "1"]
[SourceVersionDate "2024.10.14"]
[SourceQuality "1"]

1. e4 c5 2. Nf3 d6 3. c3 Nf6 4. Be2 g6 5. 0-0 Bg7 6. Bb5+ Nfd7 7. d4 0-0 8. Re1 a6 9. Ba4 b5 10. Bc2 Bb7 11. a4 cxd4 12. cxd4 Nc6 13. axb5 axb5 14. Rxa8 Qxa8 15. d5 Nb4 16. Nc3 Nxc2 17. Qxc2 b4 18. Ne2 Rc8 19. Qd1 Nc5 20. Ned4 Qa6 21. Bd2 Nd3 22. Rf1 Nxb2 23. Qb3 Nd3 24. Bxb4 Qc4 25. Rb1 Qxb3 26. Nxb3 Nxb4 27. Na5 Ba6 28. h3 Bc3 29. Rb3 Nxd5 30. exd5 Bxa5 31. Ra3 Rc5 32. Nd4 Bb7 33. Nc6 Bxc6 34. dxc6 Kg7 0-1

[Event "Titled Tuesday intern op 27th Aug Early"]
[Site "Chess.com INT"]
[Date "2024.08.27"]
[Round "11"]
[White "Mukhutdinov, Tigran"]
[Black "Scalcione, Michelangelo"]
[Result "1-0"]
[WhiteElo "2252"]
[BlackElo "2295"]
[PlyCount "173"]
[EventDate "2024.08.27"]
[EventType "swiss (blitz)"]
[EventRounds "11"]
[EventCountry "USA"]
[SourceTitle "EXT 2025"]
[Source "ChessBase"]
[SourceDate "2024.10.14"]
[SourceVersion "1"]
[SourceVersionDate "2024.10.14"]
[SourceQuality "1"]

1. e4 d6 2. d4 Nf6 3. Nc3 c6 4. f4 Qa5 5. e5 Ne4 6. Qf3 Nxc3 7. Bd2 Qd5 8. bxc3 Qxf3 9. Nxf3 d5 10. c4 Bf5 11. cxd5 cxd5 12. c4 Be4 13. Ng5 e6 14. Nxe4 dxe4 15. Rb1 b6 16. g3 Nc6 17. d5 Nd4 18. Bg2 e3 19. Bxe3 Nc2+ 20. Kd2 Nxe3 21. Kxe3 Bc5+ 22. Kd3 0-0-0 23. d6 Kd7 24. a4 a5 25. Rb5 Rc8 26. Rhb1 Rb8 27. Ke4 Rhc8 28. g4 f6 29. R5b3 fxe5 30. fxe5 Rf8 31. Rf3 Rxf3 32. Bxf3 Rf8 33. g5 Rf5 34. h4 g6 35. Rd1 Rf8 36. Bg4 Rf2 37. Bxe6+ Kxe6 38. d7 Be7 39. Rd6+ Kf7 40. e6+ Kf8 41. Rxb6 Bd8 42. Rb8 Ke7 43. c5 Rc2 44. Kd5 Rd2+ 45. Kc6 Re2 46. Kb7 Rb2+ 47. Kc8 Rc2 48. Rb5 Re2 49. Kb7 Rxe6 50. c6 Kd6 51. Rb1 Ke7 52. Rd1 Re2 53. Rb1 Rc2 54. Re1+ Kd6 55. Kc8 Bb6 56. Rd1+ Kxc6 57. d8Q Bxd8 58. Kxd8 Kb6 59. Rd7 Rc4 60. Rxh7 Rxa4 61. Rh6 Kb5 62. Rxg6 Rxh4 63. Ke7 Rg4 64. Kf6 a4 65. Rg8 a3 66. Rb8+ Ka5 67. g6 Ra4 68. Rb1 a2 69. Ra1 Kb4 70. g7 Ra8 71. Rxa2 Rxa2 72. g8Q Rf2+ 73. Ke7 Re2+ 74. Kd6 Rd2+ 75. Kc6 Rc2+ 76. Kb6 Rc4 77. Qf8+ Kc3 78. Kb5 Rd4 79. Qf3+ Rd3 80. Qf6+ Kc2 81. Kc4 Rd2 82. Qf5+ Kb2 83. Qe5+ Kc2 84. Qe4+ Kb2 85. Kb4 Kc1 86. Kc3 Kd1 87. Qh1+ 1-0

[Event "Titled Tuesday intern op 06th Aug Early"]
[Site "Chess.com INT"]
[Date "2024.08.06"]
[Round "10"]
[White "Korelskiy, Egor"]
[Black "Mukhutdinov, Tigran"]
[Result "0-1"]
[WhiteElo "2178"]
[BlackElo "2252"]
[PlyCount "134"]
[EventDate "2024.08.06"]
[EventType "swiss (blitz)"]
[EventRounds "11"]
[EventCountry "USA"]
[SourceTitle "EXT 2025"]
[Source "ChessBase"]
[SourceDate "2024.10.14"]
[SourceVersion "1"]
[SourceVersionDate "2024.10.14"]
[SourceQuality "1"]

1. e4 c5 2. Nf3 Nc6 3. Bb5 e5 4. 0-0 Bd6 5. c3 a6 6. Bxc6 dxc6 7. d4 cxd4 8. cxd4 exd4 9. Qxd4 Bf8 10. Qxd8+ Kxd8 11. Rd1+ Ke8 12. Nc3 Be6 13. Na4 Nf6 14. Nb6 Rd8 15. Rxd8+ Kxd8 16. Ng5 Bc5 17. Nxe6+ fxe6 18. Na4 Bd4 19. Bg5 Kc7 20. Rd1 c5 21. Bf4+ e5 22. Be3 Nxe4 23. Bxd4 exd4 24. Re1 b5 25. Rxe4 bxa4 26. Re7+ Kc6 27. Re6+ Kb5 28. Kf1 c4 29. Ke2 Kc5 30. Rxa6 Rb8 31. Ra5+ Kc6 32. Rxa4 Rxb2+ 33. Kf3 Kc5 34. Ra8 d3 35. Rc8+ Kd4 36. Rd8+ Kc3 37. a4 Ra2 38. g4 Rxa4 39. Ke3 Ra7 40. f4 Re7+ 41. Kf3 d2 42. f5 Re8 43. Rd7 Re7 44. Rd6 Kc2 45. g5 d1Q+ 46. Rxd1 Kxd1 47. Kf4 c3 48. f6 gxf6 49. gxf6 Rf7 50. Ke5 c2 51. Ke6 Rxf6+ 52. Kxf6 c1Q 53. Kg7 Qc2 54. Kf8 Ke2 55. Ke7 Kf3 56. Kd7 Kg4 57. Kd6 Kh3 58. Ke7 Kxh2 59. Ke6 Kg3 60. Kd7 h5 61. Ke7 h4 62. Ke8 h3 63. Kf8 h2 64. Ke7 h1Q 65. Kf7 Qf3+ 66. Kg8 Qg6+ 67. Kh8 Qc3# 0-1

[Event "Titled Tuesday intern op 30th Jul Late"]
[Site "Chess.com INT"]
[Date "2024.07.30"]
[Round "4"]
[White "Bacrot, Etienne"]
[Black "Mukhutdinov, Tigran"]
[Result "0-1"]
[WhiteElo "2677"]
[BlackElo "2259"]
[PlyCount "154"]
[EventDate "2024.07.30"]
[EventType "swiss (blitz)"]
[EventRounds "11"]
[EventCountry "USA"]
[SourceTitle "EXT 2025"]
[Source "ChessBase"]
[SourceDate "2024.10.14"]
[SourceVersion "1"]
[SourceVersionDate "2024.10.14"]
[SourceQuality "1"]

1. e4 c5 2. Nf3 Nc6 3. Bb5 e5 4. 0-0 Bd6 5. d3 Nge7 6. Be3 Ng6 7. Nbd2 Nd4 8. Ba4 0-0 9. c3 Nxf3+ 10. Nxf3 Be7 11. d4 cxd4 12. cxd4 d6 13. h3 a6 14. Bb3 Bd7 15. Rc1 Rc8 16. Qd2 exd4 17. Nxd4 Ne5 18. f4 Nc6 19. Nf3 Be6 20. Bd5 Qa5 21. Qxa5 Nxa5 22. b3 Nc6 23. Bxc6 bxc6 24. f5 Bd7 25. Rfd1 Rfe8 26. Bf4 d5 27. Ne5 Bd6 28. Nxd7 Bxf4 29. Rc2 Rxe4 30. Kf1 Rd8 31. Nc5 Re5 32. g4 a5 33. Nd3 Re4 34. Rxc6 a4 35. Nc5 Re3 36. Rxd5 Rde8 37. Rd3 axb3 38. axb3 Re1+ 39. Kg2 h5 40. gxh5 Bg5 41. Kf3 Rf1+ 42. Kg2 Ree1 43. b4 Rg1+ 44. Kf3 Ref1+ 45. Ke4 Rf4+ 46. Kd5 Rxf5+ 47. Kd6 Bf4+ 48. Kd7 Re1 49. b5 Rc1 50. b6 Rfxc5 51. Rxc5 Rxc5 52. Rb3 Rd5+ 53. Kc8 Rxh5 54. b7 g6 55. Rb4 Bg3 56. Rb3 Bh2 57. Rb2 Rc5+ 58. Kd8 Bc7+ 59. Kd7 Kg7 60. Rd2 Bb8 61. Rb2 Rc7+ 62. Kd8 f5 63. Rb3 Kf6 64. Ke8 g5 65. Kd8 f4 66. Rd3 Kf5 67. Rd5+ Kf6 68. Rb5 Rc2 69. Rb3 Rc4 70. Kd7 Kg6 71. Ke6 Kh5 72. Kf5 Rc5+ 73. Ke4 Kh4 74. Rb6 Rc7 75. Kf3 Rc3+ 76. Kf2 Kxh3 77. Rg6 Kg4 0-1

[Event "Titled Tuesday intern op 30th Jul Late"]
[Site "Chess.com INT"]
[Date "2024.07.30"]
[Round "8"]
[White "Gajic, Mladen"]
[Black "Mukhutdinov, Tigran"]
[Result "1-0"]
[WhiteElo "2294"]
[BlackElo "2259"]
[PlyCount "139"]
[EventDate "2024.07.30"]
[EventType "swiss (blitz)"]
[EventRounds "11"]
[EventCountry "USA"]
[SourceTitle "EXT 2025"]
[Source "ChessBase"]
[SourceDate "2024.10.14"]
[SourceVersion "1"]
[SourceVersionDate "2024.10.14"]
[SourceQuality "1"]

1. e4 c5 2. c3 Nf6 3. e5 Nd5 4. Bc4 Nb6 5. Bb3 c4 6. Bc2 d5 7. exd6 Qxd6 8. Nf3 Nc6 9. 0-0 Bg4 10. Re1 0-0-0 11. h3 Bh5 12. b3 Qf6 13. Be4 Ne5 14. g4 Nxf3+ 15. Qxf3 Qxf3 16. Bxf3 Bg6 17. Na3 Bd3 18. Be2 Bxe2 19. Rxe2 cxb3 20. axb3 e6 21. Nc4 Nxc4 22. bxc4 Kb8 23. d4 b6 24. Rea2 Rd7 25. Bf4+ Ka8 26. Ra6 Rb7 27. c5 bxc5 28. Rc6 Be7 29. dxc5 Rd8 30. Bd6 Bxd6 31. cxd6 Rbd7 32. Raa6 Kb7 33. c4 Rc8 34. Rxc8 Kxc8 35. c5 Rb7 36. c6 Rb6 37. Rxb6 axb6 38. f4 f6 39. Kf2 b5 40. Ke3 e5 41. fxe5 fxe5 42. Ke4 b4 43. Kxe5 b3 44. Ke6 b2 45. d7+ Kc7 46. Ke7 b1Q 47. d8Q+ Kxc6 48. Qd6+ Kb7 49. Qd7+ Kb8 50. Kf7 Qg6+ 51. Kg8 Qh6 52. Qxg7 Qxh3 53. g5 Kc8 54. Qxh7 Qg4 55. Qg6 Kd8 56. Qf6+ Kd7 57. Kg7 Ke8 58. g6 Qe4 59. Qf7+ Kd8 60. Qf8+ Kd7 61. Qf7+ Kd8 62. Kg8 Qg4 63. g7 Qg5 64. Qf8+ Kd7 65. Qf7+ Kd8 66. Qe6 Qg3 67. Kf7 Qc7+ 68. Kf6 Qf4+ 69. Qf5 Qh6+ 70. Kf7 1-0

[Event "Titled Tuesday intern op 30th Jul Early"]
[Site "Chess.com INT"]
[Date "2024.07.30"]
[Round "11"]
[White "Harsh, Suresh"]
[Black "Mukhutdinov, Tigran"]
[Result "1-0"]
[WhiteElo "2415"]
[BlackElo "2259"]
[PlyCount "159"]
[EventDate "2024.07.30"]
[EventType "swiss (blitz)"]
[EventRounds "11"]
[EventCountry "USA"]
[SourceTitle "EXT 2025"]
[Source "ChessBase"]
[SourceDate "2024.10.14"]
[SourceVersion "1"]
[SourceVersionDate "2024.10.14"]
[SourceQuality "1"]

1. a3 d5 2. Nf3 c6 3. e3 Bf5 4. c4 e6 5. Nc3 Nf6 6. Be2 h6 7. 0-0 Be7 8. b4 0-0 9. Bb2 Nbd7 10. Rc1 a6 11. cxd5 exd5 12. Na4 Bd6 13. Nd4 Bh7 14. Nb3 Ne4 15. d3 Ng5 16. Nac5 Nxc5 17. Nxc5 Qe7 18. Qd2 Ne6 19. Nxe6 Qxe6 20. Bd4 Be5 21. Qb2 Rfe8 22. Bxe5 Qxe5 23. Qxe5 Rxe5 24. d4 Re7 25. a4 Bf5 26. Rc5 Bd7 27. Rfc1 Kf8 28. g3 Ree8 29. Kg2 Ke7 30. b5 axb5 31. axb5 Ra2 32. R1c2 Rxc2 33. Rxc2 Kd6 34. bxc6 bxc6 35. Ra2 Rc8 36. Ra7 Rc7 37. Ra6 g6 38. g4 Rb7 39. Ra8 Ke7 40. Rh8 Rb2 41. Bf3 Kf6 42. Rxh6 Kg7 43. g5 Bf5 44. h4 Rc2 45. h5 c5 46. hxg6 fxg6 47. dxc5 Rxc5 48. Rh4 Rc4 49. Rd4 Be6 50. Kg3 Rc5 51. Kf4 Rc2 52. Kg3 Rc5 53. Rd2 d4 54. Rxd4 Rxg5+ 55. Bg4 Bxg4 56. Rxg4 Ra5 57. Rc4 Kf6 58. Rc6+ Kf5 59. f3 Ra3 60. e4+ Kg5 61. Rd6 Rb3 62. Rd5+ Kf6 63. Kg4 Ra3 64. Kf4 Rb3 65. Rd6+ Kf7 66. e5 Ra3 67. Rf6+ Kg7 68. Kg5 Kh7 69. Rf7+ Kg8 70. Kxg6 Ra1 71. Rf5 Rg1+ 72. Kf6 Kf8 73. f4 Rh1 74. Rg5 Rh6+ 75. Kf5 Rh4 76. Rg6 Rh1 77. Kf6 Rf1 78. f5 Ra1 79. e6 Rb1 80. e7+ 1-0

[Event "Titled Tuesday intern op 30th Jul Late"]
[Site "Chess.com INT"]
[Date "2024.07.30"]
[Round "6"]
[White "Svane, Frederik"]
[Black "Mukhutdinov, Tigran"]
[Result "1-0"]
[WhiteElo "2636"]
[BlackElo "2259"]
[PlyCount "111"]
[EventDate "2024.07.30"]
[EventType "swiss (blitz)"]
[EventRounds "11"]
[EventCountry "USA"]
[SourceTitle "EXT 2025"]
[Source "ChessBase"]
[SourceDate "2024.10.14"]
[SourceVersion "1"]
[SourceVersionDate "2024.10.14"]
[SourceQuality "1"]

1. e4 c5 2. Nf3 Nc6 3. Bb5 e5 4. 0-0 Bd6 5. d3 Nge7 6. Nc3 a6 7. Bc4 b5 8. Bb3 Na5 9. Bd5 Nxd5 10. Nxd5 h6 11. Ne3 Nc6 12. a4 Rb8 13. c3 Be7 14. Nf5 g6 15. Nxe7 Qxe7 16. d4 cxd4 17. axb5 axb5 18. cxd4 g5 19. d5 Nd8 20. Qc2 d6 21. Be3 Bg4 22. Ra7 Rb7 23. Rxb7 Qxb7 24. Nd2 0-0 25. Rc1 f6 26. f3 Bd7 27. Qc7 Qxc7 28. Rxc7 Rf7 29. Bb6 Kf8 30. Ra7 Ke7 31. Nb3 Rf8 32. Na5 Ke8 33. Bc7 Nf7 34. Nc6 Bxc6 35. dxc6 Ke7 36. Bd8+ Ke8 37. Ra8 d5 38. c7 Nd6 39. Bxf6+ Kf7 40. Rxf8+ Kxf8 41. Bxe5 Nc8 42. exd5 Ke7 43. d6+ Kd7 44. Kf2 Nb6 45. Ke3 Nc4+ 46. Ke4 Nd2+ 47. Kf5 b4 48. Kg6 Nc4 49. Kf5 Ne3+ 50. Kf6 Nd5+ 51. Kf7 b3 52. g3 h5 53. f4 gxf4 54. gxf4 Ne3 55. c8Q+ Kxc8 56. Ke8 1-0

[Event "Titled Tuesday intern op 30th Jul Late"]
[Site "Chess.com INT"]
[Date "2024.07.30"]
[Round "10"]
[White "Tologontegin, Semetey"]
[Black "Mukhutdinov, Tigran"]
[Result "0-1"]
[WhiteElo "2337"]
[BlackElo "2259"]
[PlyCount "136"]
[EventDate "2024.07.30"]
[EventType "swiss (blitz)"]
[EventRounds "11"]
[EventCountry "USA"]
[SourceTitle "EXT 2025"]
[Source "ChessBase"]
[SourceDate "2024.10.14"]
[SourceVersion "1"]
[SourceVersionDate "2024.10.14"]
[SourceQuality "1"]

1. d4 Nf6 2. c4 g6 3. Nc3 d5 4. cxd5 Nxd5 5. e4 Nxc3 6. bxc3 Bg7 7. Bc4 c5 8. Ne2 Nc6 9. Be3 0-0 10. 0-0 Qc7 11. h3 Rd8 12. Qa4 Bd7 13. Qa3 Qa5 14. Qxc5 Qxc5 15. dxc5 Na5 16. Bd5 e6 17. Bb3 Bb5 18. Rfe1 Bxe2 19. Rxe2 Bxc3 20. Rc1 Bd4 21. Bg5 Rdc8 22. Be7 Nc6 23. Bd6 Be5 24. Rd1 Bxd6 25. cxd6 e5 26. Rd5 Kf8 27. f4 exf4 28. Rf2 Nb4 29. Rd4 Nc6 30. Rd5 Nb4 31. Rdd2 g5 32. g3 a5 33. gxf4 a4 34. Bd5 Nxd5 35. Rxd5 gxf4 36. Rxf4 Rc1+ 37. Kg2 Rc2+ 38. Rf2 Rac8 39. Rb5 Rxf2+ 40. Kxf2 Rd8 41. e5 f6 42. Ke3 fxe5 43. Rb6 Kf7 44. Rxb7+ Ke6 45. Rxh7 Kxd6 46. Ra7 Rh8 47. Rxa4 Rxh3+ 48. Ke2 Kd5 49. Ra5+ Ke4 50. Ra4+ Kf5 51. Ra8 Kf4 52. Ra4+ e4 53. Rb4 Rh2+ 54. Ke1 Kf3 55. Rb8 Rh1+ 56. Kd2 e3+ 57. Kd3 Rd1+ 58. Kc2 e2 59. Rf8+ Kg4 60. Re8 e1Q 61. Rxe1 Rxe1 62. Kc3 Kf5 63. Kc4 Ke6 64. Kb5 Kd7 65. Ka6 Kc8 66. a4 Kb8 67. a5 Re6+ 68. Kb5 Ka7 0-1

[Event "Titled Tuesday intern op 30th Jul Late"]
[Site "Chess.com INT"]
[Date "2024.07.30"]
[Round "3"]
[White "Xiong, Jeffery"]
[Black "Mukhutdinov, Tigran"]
[Result "1/2-1/2"]
[WhiteElo "2646"]
[BlackElo "2259"]
[PlyCount "62"]
[EventDate "2024.07.30"]
[EventType "swiss (blitz)"]
[EventRounds "11"]
[EventCountry "USA"]
[SourceTitle "EXT 2025"]
[Source "ChessBase"]
[SourceDate "2024.10.14"]
[SourceVersion "1"]
[SourceVersionDate "2024.10.14"]
[SourceQuality "1"]

1. d4 Nf6 2. c4 g6 3. Nc3 d5 4. Nf3 Bg7 5. cxd5 Nxd5 6. e4 Nxc3 7. bxc3 c5 8. Bb5+ Bd7 9. Rb1 b6 10. 0-0 0-0 11. a4 cxd4 12. cxd4 Nc6 13. Bf4 e6 14. d5 Na5 15. dxe6 Bxb5 16. axb5 Qxd1 17. Rfxd1 fxe6 18. Be5 Rxf3 19. Bxg7 Rb3 20. Rxb3 Nxb3 21. Be5 Rc8 22. h4 Rc1 23. Rxc1 Nxc1 24. Kf1 Nd3 25. Bb8 Nc5 26. Bxa7 Nxe4 27. Bxb6 Nc3 28. Be3 Nxb5 29. Ke2 Kf7 30. Kd3 Nd6 31. Bf4 Nf5 1/2-1/2

[Event "Titled Tuesday intern op 14th May Early"]
[Site "Chess.com INT"]
[Date "2024.05.14"]
[Round "1"]
[White "Bielinski, Dariusz"]
[Black "Mukhutdinov, Tigran"]
[Result "0-1"]
[WhiteElo "2141"]
[BlackElo "2264"]
[PlyCount "90"]
[EventDate "2024.05.14"]
[EventType "swiss (blitz)"]
[EventRounds "11"]
[EventCountry "USA"]
[SourceTitle "EXT 2025"]
[Source "ChessBase"]
[SourceDate "2024.10.14"]
[SourceVersion "1"]
[SourceVersionDate "2024.10.14"]
[SourceQuality "1"]

1. d4 d6 2. Nf3 Bg4 3. e4 Nf6 4. Nbd2 c6 5. c3 e6 6. h3 Bh5 7. Bd3 Be7 8. 0-0 0-0 9. Re1 d5 10. e5 Nfd7 11. a3 c5 12. b4 cxd4 13. cxd4 Nc6 14. Bb2 Bg6 15. Bxg6 hxg6 16. Rc1 Nb6 17. Qe2 Rc8 18. Qd3 Qd7 19. Rc2 a6 20. Rec1 Na7 21. Nb3 Nc4 22. Nc5 Bxc5 23. bxc5 Nc6 24. Nd2 N6a5 25. Bc3 Nxd2 26. Bxa5 Nc4 27. Bb4 Rfe8 28. Qb3 f6 29. exf6 gxf6 30. Bd2 Kf7 31. Bf4 g5 32. Bd6 Rc6 33. Rxc4 dxc4 34. Rxc4 b5 35. Rc3 Rec8 36. Re3 Rxd6 37. cxd6 Rc1+ 38. Kh2 Qxd6+ 39. g3 Qc6 40. d5 Qxd5 41. Qxd5 exd5 42. g4 Rc4 43. Kg3 d4 44. Rd3 Rc3 45. Rxc3 dxc3 0-1

[Event "Titled Tuesday intern op 14th May Early"]
[Site "Chess.com INT"]
[Date "2024.05.14"]
[Round "2"]
[White "Mukhutdinov, Tigran"]
[Black "Aranda, Juan Manuel"]
[Result "1-0"]
[WhiteElo "2264"]
[BlackElo "2135"]
[PlyCount "53"]
[EventDate "2024.05.14"]
[EventType "swiss (blitz)"]
[EventRounds "11"]
[EventCountry "USA"]
[SourceTitle "EXT 2025"]
[Source "ChessBase"]
[SourceDate "2024.10.14"]
[SourceVersion "1"]
[SourceVersionDate "2024.10.14"]
[SourceQuality "1"]

1. e4 d6 2. d4 g6 3. Nc3 Bg7 4. f4 Nd7 5. Nf3 a6 6. Bd3 b5 7. e5 Bb7 8. Qe2 Nh6 9. 0-0 0-0 10. Be4 Bxe4 11. Nxe4 c5 12. e6 Nf6 13. Neg5 cxd4 14. exf7+ Nxf7 15. Ne6 Qb6 16. Nxf8 Rxf8 17. Kh1 Nd5 18. Qe4 Nb4 19. Bd2 Nc6 20. Rae1 Qc5 21. a3 e5 22. fxe5 dxe5 23. Ng5 Nd6 24. Rxf8+ Bxf8 25. Qd3 Qd5 26. Ne4 Nc4 27. Nf6+ 1-0

[Event "Titled Tuesday intern op 14th May Early"]
[Site "Chess.com INT"]
[Date "2024.05.14"]
[Round "3"]
[White "Oro, Faustino"]
[Black "Mukhutdinov, Tigran"]
[Result "0-1"]
[WhiteElo "2353"]
[BlackElo "2264"]
[PlyCount "62"]
[EventDate "2024.05.14"]
[EventType "swiss (blitz)"]
[EventRounds "11"]
[EventCountry "USA"]
[SourceTitle "EXT 2025"]
[Source "ChessBase"]
[SourceDate "2024.10.14"]
[SourceVersion "1"]
[SourceVersionDate "2024.10.14"]
[SourceQuality "1"]

1. Nf3 d5 2. b3 Bf5 3. Bb2 e6 4. e3 Nf6 5. Be2 Be7 6. 0-0 h6 7. c4 c6 8. d4 0-0 9. Nc3 Ne4 10. Nd2 Nxc3 11. Bxc3 Nd7 12. b4 Nf6 13. Qb3 a6 14. Bb2 b5 15. c5 a5 16. a4 bxa4 17. Rxa4 axb4 18. Rxb4 e5 19. Bc3 exd4 20. exd4 Rb8 21. h3 Ne4 22. Nxe4 Bxe4 23. Ra1 Rxb4 24. Qxb4 Qb8 25. Qxb8 Rxb8 26. Ra6 Rb3 27. Ba5 Bf6 28. Rxc6 Bxd4 29. Rc8+ Kh7 30. c6 Rb1+ 31. Kh2 Be5+ 0-1